000 00559naa a22002057a 4500
001 29132
003 94434
005 20201118100618.0
008 ||||||n9999 ||| || ||
100 _aLapalombara, Joseph
245 0 _aBurocracia y desarrollo politico, interrogantes y dilemas
300 _app.40-61
562 _e0
650 _aBOGOTÁ (COLOMBIA)--ADMINISTRACIÓN PÚBLICA
650 _aDEMOCRATIZACIÓN
650 _aMODERNIDAD
650 _aSISTEMAS POLÍTICOS
773 _06671
_aBurocracia y desarrollo politico
942 _cCHAP
999 _c29132
_d29132